00743nam a2200181 i 450000100060000000300090000600500170001500700030003200800410003510000320007624501890010826000490029730000220034660000340036860000770040265100610047985200210054065514ES-MaACL20250822190538.0t|040115s1905 mx ||||1| spa d1 aFrías y Soto, Hilarión.10aJuárez glorificado y la intervención y el imperio ante la verdad histórica / cpor Hilarión Frías y Soto refutando la obra de Francisco Bulnes titulada el verdadero Juárez. aMéxico : b[s.n.], c1905 (fImp. Central) a478 p. ; c22 cm.14aJuárez, Benito, d1806-187214aBulnes, Francisco. tJuárez y las revoluciones de Ayutla y de reforma. 4aMéxico-xHistoria-y1861-1867, Intervención europea. aES-MaACLjF-1830